La seguridad pública en Veracruz, 2004-2009 /
El presente trabajo describe la correlación entre el fuerte sentimiento de inseguridad y el incremento de algunos delitos experimentados por los veracruzanos en el período 2004-2009. Se analiza la baja eficiencia de las policías gestionadas por militares en retiro y los problemas de la policía públi...
Guardat en:
| Autor principal: | |
|---|---|
| Format: | Text |
| Matèries: | |
| Etiquetes: |
Afegir etiqueta
Sense etiquetes, Sigues el primer a etiquetar aquest registre!
|
MARC
| LEADER | 00000 a a2200000 04500 | ||
|---|---|---|---|
| 001 | 44629 | ||
| 003 | |||
| 040 | |||
| 100 | |a Zavaleta Betancourt, José Alfredo | ||
| 245 | |a La seguridad pública en Veracruz, 2004-2009 / |c José Alfredo Zavaleta Betancourt | ||
| 520 | |a El presente trabajo describe la correlación entre el fuerte sentimiento de inseguridad y el incremento de algunos delitos experimentados por los veracruzanos en el período 2004-2009. Se analiza la baja eficiencia de las policías gestionadas por militares en retiro y los problemas de la policía pública diseñada contra la inseguridad. | ||
| 590 | |a RRH/DICIEMBRE2013 | ||
| 650 | |a INSEGURIDAD CIUDADANA | ||
| 650 | |a REPRESION | ||
| 650 | |a MILITARES | ||
| 650 | |a CONFLICTOS SOCIALES | ||
| 650 | |a ESTADO | ||
| 650 | |a MEXICO | ||
| 773 | |g páginas 51-80 : tablas, gráficos, mapas | ||
| 999 | |c 24926 |d 24926 | ||
